Fundamentals of Industrial Sociology (Record no. 1451743)

MARC details
000 -LEADER
fixed length control field 00555nam a2200205Ia 4500
005 - DATE AND TIME OF LATEST TRANSACTION
control field 20250923145453.0
008 - FIXED-LENGTH DATA ELEMENTS--GENERAL INFORMATION
fixed length control field 008 250917s9999 xx 000 0 eng d
037 ## - SOURCE OF ACQUISITION
Stock number Textual
040 ## - CATALOGING SOURCE
Original cataloging agency DSWL
Language of cataloging eng
Transcribing agency DSWL
041 ## - LANGUAGE CODE
Language code of text/sound track or separate title eng
Source of code eng
084 ## - COLON CLASSIFICATION NUMBER
Classification number Y
Assigning agency DSWL
100 ## - MAIN ENTRY--PERSONAL NAME
Personal name Pascual Gisbert, S.J.
9 (RLIN) 835653
245 #0 - TITLE STATEMENT
Title Fundamentals of Industrial Sociology
Statement of responsibility, etc. by S.J. Pascual Gisbert
260 ## - PUBLICATION, DISTRIBUTION, ETC.
Place of publication, distribution, etc. New Delhi
Name of publisher, distributor, etc. Delhi T.M.H.
300 ## - PHYSICAL DESCRIPTION
Extent x,370 p.
365 ## - TRADE PRICE
Price type code INR
Price amount 24.3
925 ## -
-- 24.3
942 ## - ADDED ENTRY ELEMENTS (KOHA)
Koha item type Textual
Classification part Y
Holdings
Withdrawn status Lost status Damaged status Not for loan Home library Current library Date acquired Source of acquisition Inventory number Total Checkouts Full call number Barcode Date last seen Price effective from Koha item type
        Department of Social Work Library Department of Social Work Library 2025-09-23 Rachna 108908 08/02/1979   Y SW0019144 2025-09-23 2025-09-23 Textual
Copyright @ Delhi University Library System